Representative and Responsible Government / An Essay on the British Constitution (Record no. 2469)
[ view plain ]
| 000 -LEADER | |
|---|---|
| fixed length control field | 01246cam a22001814a 4500 |
| 005 - ΗΜΕΡΟΜΗΝΙΑ ΚΑΙ ΩΡΑ ΤΕΛΕΥΤΑΙΑΣ ΕΝΗΜΕΡΩΣΗΣ | |
| Πεδίο ελέγχου | 20250605164042.0 |
| 008 - FIXED-LENGTH DATA ELEMENTS--GENERAL INFORMATION | |
| Πεδίο ελέγχου σταθερού μήκους | 250528s ||||||||||||||||||||||||d |
| 035 ## - SYSTEM CONTROL NUMBER | |
| System control number | 17029 |
| 040 ## - ΠΗΓΗ ΚΑΤΑΛΟΓΟΓΡΑΦΗΣΗΣ | |
| Φορέας πρωτότυπης καταλογογράφησης | MC Athens Campus Library |
| Γλώσσα καταλογογράφησης | Ελληνικά, Μοντέρνα (1453-) |
| Modifying agency | MC Athens Campus Library |
| Κανόνες περιγραφικής καταλογογράφησης | AACR2 |
| 245 1# - ΤΙΤΛΟΣ ΚΑΙ ΔΗΛΩΣΗ ΥΠΕΥΘΥΝΟΤΗΤΑΣ | |
| Τίτλος | Representative and Responsible Government / An Essay on the British Constitution |
| 260 ## - PUBLICATION, DISTRIBUTION, ETC. | |
| Name of publisher, distributor, etc. | George Allen & Unwin Ltd, |
| Date of publication, distribution, etc. | 1964 |
| 300 ## - PHYSICAL DESCRIPTION | |
| Extent | 258 |
| 520 ## - SUMMARY, ETC. | |
| Summary, etc. | Acknowledgements, Introduction, Representation and Responsibility in Politics, The Traditional Doctrines, Tory and Whig Attitudes to Representation, The Early Radicals, Parliamentary Reform and Victorian Liberalism, The Liberal View of the Constitution, Collectivism and the Theory of Representation, Doctrines of Class Conflict, The Idealist View of Politics, Theories of Group Representation, Party Democracy, Responsibility in British Politics, Collective Responsibility, Individual Responsibility, The Parliamentaryu Watchdog, Responsible Government Reconsidered, The Public and the Government, The Nature of the Public Opinion, Channels of Communication, Opinions and Policies, Conclusions, Representative and Responsible Government in Britain, Index. |
| 700 1# - ΠΡΟΣΘΕΤΗ ΑΝΑΓΡΑΦΗ--ΦΥΣΙΚΟ ΠΡΟΣΩΠΟ | |
| Personal name | Birch H. Anthony |
| 9 (RLIN) | 3158 |
| 942 ## - ADDED ENTRY ELEMENTS (KOHA) | |
| Koha item type | Books |
| Τύπος τεκμηρίου | Βιβλιοθήκη | Τρέχουσα τοποθεσία | Barcode | Αριθμός εισαγωγής | Ημερομηνία απόκτησης | Ταξιθετικό σύμβολο | Αριθμός αντιτύπου | Κατάσταση απόσυρσης | Κατάσταση χαμένου | Κατάσταση κατεστραμμένου | Μη δανεισμός | Σύνολο δανεισμών | Ημερομηνία τελευταίας εμφάνισης | Η τιμή ισχύει από |
|---|---|---|---|---|---|---|---|---|---|---|---|---|---|---|
| Books | MC Athens Campus Library | MC Athens Campus Library | 9780000024688 | 6822 | 05/06/2025 | 320.2 BIR | 1 | 05/06/2025 | 05/06/2025 |